| 000 | 00421nam a22001697a 4500 | ||
|---|---|---|---|
| 003 | LK-CoDNM | ||
| 005 | 20250620110704.0 | ||
| 008 | 250620b |||||||| |||| 00| 0 eng d | ||
| 040 |
_aLK-CoDNM _dLK-CoDNM _eLK-CoDNM |
||
| 041 | _apli | ||
| 080 |
_a13 _bA8 |
||
| 245 | _aනිමිති පොත /nimithi potha | ||
| 300 | _afolls73,13cm | ||
| 650 | _apalm leaf | ||
| 650 | _aපුස්කොල | ||
| 942 | _cPL | ||
| 999 |
_c239761 _d239761 |
||